[Event "World Youth Girls U18 2014"]
[Site "Durban RSA"]
[Date "2014.09.27"]
[Round "9.24"]
[White "Iher, Mirjam"]
[Black "February, Jesse Nikki"]
[Result "0-1"]
[WhiteElo "1389"]
[BlackElo "1688"]
[WhiteFideId "4503627"]
[BlackFideId "14312336"]
[EventDate "2014.09.20"]

1. b4 e6 2. Bb2 d5 3. a3 c5 4. bxc5 Qa5 5. Nf3 Nf6 6. Bc3 Qxc5 7. d4 Qc7 8. e3
Bd6 9. Bb5+ Bd7 10. Qd3 a6 11. Bxd7+ Nbxd7 12. O-O Rc8 13. Rc1 a5 14. a4 Ne4 15.
Bb2 g5 16. h3 h5 17. c4 g4 18. Na3 gxf3 19. cxd5 Bh2+ 20. Kf1 fxg2+ 21. Kxg2
Rg8+ 22. Kf1 Rg1+ 23. Ke2 Ng3+ 24. fxg3 Rg2+ 25. Kf1 Qxg3 26. Rxc8+ Ke7 27. d6+
Kf6 28. d5+ e5 29. Qc2 Qf3+ 30. Ke1 Bg3+ 0-1

[Event "World Youth Girls U18 2014"]
[Site "Durban RSA"]
[Date "2014.09.27"]
[Round "9.26"]
[White "Engelbrecht, Liezl"]
[Black "Shaba, Linda"]
[Result "1/2-1/2"]
[WhiteElo "1479"]
[BlackElo "1563"]
[WhiteFideId "14310830"]
[BlackFideId "11001631"]
[EventDate "2014.09.20"]

1. d4 f5 2. c4 e6 3. Nf3 Nf6 4. Nc3 Be7 5. Bf4 O-O 6. h3 b6 7. d5 Bb7 8. dxe6
dxe6 9. Qxd8 Bxd8 10. Nb5 Na6 11. e3 Bxf3 12. gxf3 Nb4 13. Nd4 c5 14. a3 cxd4
15. axb4 dxe3 16. fxe3 Nh5 17. Bd6 Re8 18. Be5 Bf6 19. Bxf6 Nxf6 20. Bg2 e5 21.
Kf2 Kf7 22. c5 Nd5 23. Ra4 b5 24. Ra5 a6 25. Rha1 Nxb4 26. Bf1 Rac8 27. Rc1 Re6
28. Rc3 Rec6 29. Bxb5 axb5 30. Rxb5 Na6 31. b4 Rb8 32. Rxb8 Nxb8 33. b5 Rc7 34.
c6 Ke7 35. Ra3 Nxc6 36. bxc6 Rxc6 37. Ra7+ Kf6 38. Ra8 Kg5 39. Ra7 Kg6 40. Re7
Kf6 41. Ra7 Rc2+ 42. Kg1 Re2 43. Ra3 h6 44. h4 Kg6 45. Kf1 Rh2 46. Ra5 Rxh4 47.
Rxe5 Rh2 48. Re6+ Kg5 49. Re5 h5 50. e4 g6 51. Rb5 Kf4 52. exf5 gxf5 53. Kg1 Rc2
54. Ra5 h4 55. Ra4+ Kg3 56. Kf1 Kxf3 57. Kg1 f4 58. Ra3+ Kg4 59. Ra8 h3 60. Rg8+
Kf3 61. Rh8 h2+ 62. Kh1 Rg2 63. Rh4 Kg3 64. Rh3+ Kf2 65. Rf3+ 1/2-1/2

[Event "World Youth Girls U18 2014"]
[Site "Durban RSA"]
[Date "2014.09.28"]
[Round "10.1"]
[White "Nandhidhaa, PV"]
[Black "Saduakassova, Dinara"]
[Result "1/2-1/2"]
[BlackTitle "WGM"]
[WhiteElo "2144"]
[BlackElo "2409"]
[WhiteFideId "5050847"]
[BlackFideId "13700090"]
[EventDate "2014.09.20"]

1. e4 c5 2. b3 Nc6 3. Bb2 d6 4. Nc3 Nf6 5. Bc4 Ne5 6. d3 g6 7. f4 Nxc4 8. dxc4
Bg7 9. Qe2 Qa5 10. O-O-O O-O 11. Nf3 Nh5 12. Nd5 Qxa2 13. Nxe7+ Kh8 14. Bxg7+
Kxg7 15. Qe3 Qa1+ 16. Kd2 Qa5+ 17. Kc1 Qa1+ 18. Kd2 Qa5+ 19. Kc1 Qa1+ 1/2-1/2

[Event "World Youth Girls U18 2014"]
[Site "Durban RSA"]
[Date "2014.09.28"]
[Round "10.2"]
[White "Parnali, S Dharia"]
[Black "Osmanodja, Filiz"]
[Result "1-0"]
[BlackTitle "WIM"]
[WhiteElo "1919"]
[BlackElo "2310"]
[WhiteFideId "5043131"]
[BlackFideId "24633569"]
[EventDate "2014.09.20"]

1. d4 d6 2. e4 Nf6 3. Nc3 e5 4. dxe5 dxe5 5. Qxd8+ Kxd8 6. Bg5 c6 7. O-O-O+ Ke8
8. Nf3 Nbd7 9. Bh4 Bb4 10. Bc4 Ba5 11. Bxf6 gxf6 12. Ne2 b5 13. Bb3 Nc5 14. Ng3
Bc7 15. Nh4 a5 16. a3 Be6 17. Nh5 Kf8 18. Nf5 Nxe4 19. Bxe6 fxe6 20. Nfg7 Bb6
21. Rd7 Ra7 22. Nxe6+ Ke8 23. Rxa7 Bxa7 24. Neg7+ Ke7 25. Nf5+ Ke6 26. Nhg7+ Kf7
27. Rd1 Bxf2 28. Rd7+ Kg6 29. g4 Kg5 30. h3 Nc5 31. Rd2 Bd4 32. Nxd4 exd4 33.
Rxd4 Kh4 34. b4 axb4 35. axb4 Na6 36. g5+ Kxh3 37. gxf6 Rf8 38. Rf4 Nxb4 39. Ne6
Nd5 40. Nxf8 Nxf4 41. Nxh7 Kg4 42. f7 Ne6 43. f8=Q Nxf8 44. Nxf8 Kf5 45. Kb2 Ke5
46. Kb3 c5 47. Ng6+ Kd5 48. Kc3 Ke4 49. Ne7 Ke5 50. Nc8 Kd5 51. Na7 b4+ 52. Kb3
Kd4 53. Nc6+ Kd5 54. Nxb4+ cxb4 55. Kxb4 Kd6 56. Kb5 Kc7 57. Kc5 Kc8 58. Kc6 Kb8
59. c4 Kc8 60. c5 Kb8 61. Kd7 1-0

[Event "World Youth Girls U18 2014"]
[Site "Durban RSA"]
[Date "2014.09.28"]
[Round "10.3"]
[White "Rodionova, Polina"]
[Black "Utiatskaja, Irina"]
[Result "1-0"]
[WhiteTitle "WFM"]
[WhiteElo "2090"]
[BlackElo "2047"]
[WhiteFideId "24102555"]
[BlackFideId "24140848"]
[EventDate "2014.09.20"]

1. Nf3 Nf6 2. g3 g6 3. Bg2 Bg7 4. O-O O-O 5. d3 d5 6. Nbd2 Re8 7. e4 dxe4 8.
dxe4 e5 9. Qe2 Nfd7 10. h4 Nf8 11. Nc4 Nbd7 12. Rd1 Qe7 13. a4 Nb6 14. Ne3 a5
15. b3 f6 16. Ba3 Qf7 17. Rd2 Bh6 18. Rad1 Bd7 19. Rd3 Bc6 20. Ng4 Bg7 21. h5
Ne6 22. Bh3 Nd4 23. Nxd4 exd4 24. hxg6 hxg6 25. Qd2 Rxe4 26. Nh6+ Bxh6 27. Qxh6
Qh7 28. Qxh7+ Kxh7 29. Rxd4 Rxd4 30. Rxd4 Re8 31. Kf1 Kg7 32. c4 Nc8 33. Bg2 Re6
34. Rd8 Na7 35. Bxc6 Nxc6 36. Rd7+ Kh6 37. Rxc7 b6 38. Bc1+ Kh5 39. Rh7+ Kg4 40.
Rh4+ Kf5 41. Rf4+ Ke5 42. Bb2+ Kd6 43. Rxf6 Rxf6 44. Bxf6 Kc5 45. Bc3 Nb4 46.
Ke2 Na2 47. Kd2 Kd6 48. f4 g5 49. fxg5 Ke6 50. Bd4 1-0

[Event "World Youth Girls U18 2014"]
[Site "Durban RSA"]
[Date "2014.09.28"]
[Round "10.4"]
[White "Rodriguez Rueda, Paula Andrea"]
[Black "Ren, Xiaoyi"]
[Result "1/2-1/2"]
[WhiteTitle "WIM"]
[WhiteElo "2349"]
[BlackElo "2134"]
[WhiteFideId "4404564"]
[BlackFideId "8608709"]
[EventDate "2014.09.20"]

1. d4 Nf6 2. c4 c6 3. Nc3 d5 4. e3 Bf5 5. Nf3 g6 6. cxd5 cxd5 7. Qb3 Qb6 8. Nxd5
Nxd5 9. Qxd5 Nc6 10. Bb5 Bg7 11. O-O O-O 12. Bxc6 bxc6 13. Qc4 Rfc8 14. Ng5 Rf8
15. e4 Bc8 16. Rd1 Ba6 17. Qc3 h6 18. Nf3 Be2 19. Rd2 Bxf3 20. gxf3 Rad8 21. e5
Rd5 22. Rd3 c5 23. Be3 Qe6 24. f4 Qg4+ 25. Kf1 Qh3+ 26. Ke2 Qh5+ 27. Ke1 Rfd8
28. Rad1 Qxh2 29. Qc4 Qh1+ 30. Kd2 Qe4 31. Kc3 cxd4+ 32. Rxd4 Rxd4 33. Rxd4 Rxd4
34. Qxd4 Qc6+ 35. Qc5 Qh1 36. Qxa7 h5 37. Qxe7 h4 38. Qe8+ Bf8 39. f5 gxf5 40.
e6 Qe1+ 41. Kd4 Qb4+ 42. Ke5 Qxb2+ 43. Kxf5 Qc2+ 44. Kg5 Qg6+ 45. Kxh4 Qe4+ 46.
Kg5 Qg6+ 47. Kf4 Qf6+ 48. Ke4 fxe6 49. Qh5 Bg7 50. a4 Qa1 51. a5 Qb1+ 52. Kf4
e5+ 53. Kg5 Qb5 54. Qg6 Qxa5 55. Qe6+ Kh7 56. Qf5+ Kg8 57. Qe6+ Kh7 58. Qf5+ Kg8
59. Qe6+ 1/2-1/2

[Event "World Youth Girls U18 2014"]
[Site "Durban RSA"]
[Date "2014.09.28"]
[Round "10.5"]
[White "Xiao, Yiyi"]
[Black "Styazhkina, Anna"]
[Result "1-0"]
[WhiteTitle "WFM"]
[BlackTitle "WIM"]
[WhiteElo "2168"]
[BlackElo "2203"]
[WhiteFideId "8606161"]
[BlackFideId "24119300"]
[EventDate "2014.09.20"]

1. d4 d5 2. c4 c6 3. Nc3 Nf6 4. e3 e6 5. Nf3 Nbd7 6. Qc2 Bd6 7. Be2 O-O 8. O-O
dxc4 9. Bxc4 a6 10. Rd1 b5 11. Be2 Qc7 12. Ne4 Nxe4 13. Qxe4 e5 14. Qh4 Re8 15.
a4 Bb7 16. Bd3 h6 17. Bf5 exd4 18. exd4 Be7 19. Qf4 Qxf4 20. Bxf4 Nb6 21. a5 Nd5
22. Be5 c5 23. dxc5 Bxc5 24. Rac1 Bb4 25. Be4 Rad8 26. h3 f6 27. Bc7 Rd7 28. Rd4
Bf8 29. Bg3 Red8 30. Bf5 Re7 31. Nh4 Rde8 32. f3 g5 33. Ng6 Rg7 34. Nxf8 Kxf8
35. Be4 Rd7 36. Rcd1 Red8 37. Bf5 Re7 38. h4 Kf7 39. Be4 Red7 40. Bf5 Re7 41.
Kf2 Ba8 42. h5 Kg7 43. Re4 Kf7 44. Bg6+ Kf8 45. Rxe7 Kxe7 46. Re1+ Kf8 47. Re6
Bb7 48. Be4 Kf7 49. Rd6 Rxd6 50. Bxd6 Bc6 51. b4 Ne7 52. Bxe7 Bxe4 53. Bxf6 Bc6
54. Be5 Be8 55. Ke3 Ke6 56. Kd4 Bxh5 57. Bg7 g4 58. f4 Be8 59. Bxh6 g3 60. Kc5
Kf5 61. Kb6 Bd7 62. Kxa6 Bc6 63. Bf8 Kxf4 64. Kb6 Bxg2 65. Kxb5 Ke5 66. Kb6 Kd5
67. a6 Kc4 68. b5 Be4 69. Bc5 g2 70. Bg1 Kb4 71. a7 Bd5 72. Ka6 Kc4 73. b6 1-0

[Event "World Youth Girls U18 2014"]
[Site "Durban RSA"]
[Date "2014.09.28"]
[Round "10.6"]
[White "Regam, Jessica"]
[Black "Marikova, Jana"]
[Result "0-1"]
[WhiteTitle "WFM"]
[WhiteElo "2031"]
[BlackElo "2188"]
[WhiteFideId "2033496"]
[BlackFideId "334138"]
[EventDate "2014.09.20"]

1. e4 c5 2. Nf3 d6 3. d4 cxd4 4. Nxd4 Nf6 5. Nc3 a6 6. Qf3 e6 7. Be3 Qc7 8. h3
Nbd7 9. g4 h6 10. O-O-O b5 11. Bd3 b4 12. Nce2 Bb7 13. Ng3 Rc8 14. Kb1 Nc5 15.
Rhe1 Nfd7 16. Qe2 Nb6 17. Bd2 Nba4 18. Nb3 Qb6 19. h4 g6 20. f4 Bg7 21. e5 dxe5
22. fxe5 Nd7 23. Be3 Qc7 24. Bd4 Nac5 25. Nxc5 Nxc5 26. Ne4 Nxe4 27. Bxe4 Bxe4
28. Qxe4 O-O 29. h5 g5 30. b3 Rfd8 31. Bb2 a5 32. Rf1 Rd7 33. Rxd7 Qxd7 34. Qf3
Qc7 35. Qe4 Rd8 36. Re1 Rd5 37. Qe2 Qd7 38. Qf3 Qb5 39. Rf1 Qd7 40. Re1 a4 41.
bxa4 Qxa4 42. Rf1 Qd7 43. Qe4 Qb7 44. Re1 Qb5 45. Qe3 Qc4 46. Qe4 Rd1+ 47. Bc1
Rd4 48. Qf3 Rd5 49. Qe4 Qxe4 50. Rxe4 Bxe5 51. Re1 Bc3 52. Rg1 f5 53. gxf5 exf5
54. Bb2 f4 55. a3 Bxb2 56. Kxb2 bxa3+ 57. Kxa3 f3 58. c4 Rf5 59. Kb4 Kf7 60. c5
f2 61. Rf1 Ke7 62. Kb5 Kd7 63. Kb6 Rf6+ 64. Kb7 g4 65. c6+ Rxc6 66. Rxf2 Rc5 67.
Rg2 Rg5 68. Kb6 Kd6 69. Rd2+ Ke5 70. Kc5 0-1

[Event "World Youth Girls U18 2014"]
[Site "Durban RSA"]
[Date "2014.09.28"]
[Round "10.7"]
[White "Velikic, Adela"]
[Black "Cosman, Andreea-Marioara"]
[Result "1-0"]
[WhiteElo "2175"]
[BlackElo "2018"]
[WhiteFideId "913553"]
[BlackFideId "1217968"]
[EventDate "2014.09.20"]

1. d4 Nf6 2. c4 c5 3. d5 e6 4. Nc3 exd5 5. cxd5 d6 6. e4 g6 7. Nf3 Bg4 8. Qa4+
Bd7 9. Qc2 a6 10. a4 b6 11. Bf4 Nh5 12. Bg5 Be7 13. Bxe7 Qxe7 14. Nd2 Bc8 15.
Nc4 Nd7 16. Be2 Nf4 17. Bf3 g5 18. Ne2 Ng6 19. Bg4 Rb8 20. Ng3 Nh4 21. Nf5 Nxf5
22. Bxf5 b5 23. axb5 axb5 24. Ne3 Qe5 25. O-O Nf6 26. Bxc8 Rxc8 27. Nf5 O-O 28.
Ra7 Rce8 29. f3 Kh8 30. Qd2 b4 31. Qxg5 Rg8 32. Qd2 Rg6 33. Nh6 Rxh6 34. Qxh6
Qd4+ 35. Kh1 Ng8 36. Qxd6 c4 37. Rxf7 Qe5 38. Qxe5+ Rxe5 39. Rb7 b3 40. Rc1 1-0

[Event "World Youth Girls U18 2014"]
[Site "Durban RSA"]
[Date "2014.09.28"]
[Round "10.8"]
[White "Dziodzio, Angelika"]
[Black "Michelle Catherina, P"]
[Result "1-0"]
[WhiteElo "1991"]
[BlackElo "2114"]
[WhiteFideId "1170643"]
[BlackFideId "5005736"]
[EventDate "2014.09.20"]

1. e4 e5 2. d4 exd4 3. Qxd4 Nc6 4. Qe3 g6 5. Bd2 Bg7 6. Nc3 Nf6 7. O-O-O O-O 8.
Bc4 Re8 9. Nf3 Na5 10. Bd3 d5 11. Nxd5 Nxd5 12. Qg5 Qxg5 13. Nxg5 Nf6 14. Bxa5
b6 15. Bc3 h6 16. Bb5 Rf8 17. Bc6 Rb8 18. Nf3 Bb7 19. Bxb7 Rxb7 20. Bxf6 Bxf6
21. e5 Bg7 22. Rd7 Re8 23. Re1 Kf8 24. c4 Re7 25. Rxe7 Kxe7 26. Nd4 c5 27. Nb5
Ke6 28. Nc3 g5 29. g3 Kf5 30. Nd5 h5 31. f4 gxf4 32. gxf4 Bh6 33. Kc2 Rb8 34. h3
b5 35. b3 bxc4 36. bxc4 a5 37. e6 fxe6 38. Re5+ Kg6 39. Rxe6+ Kg7 40. f5 a4 41.
Rg6+ Kf7 42. Rxh6 a3 43. Rh7+ Kg8 44. Nf6+ 1-0

[Event "World Youth Girls U18 2014"]
[Site "Durban RSA"]
[Date "2014.09.28"]
[Round "10.9"]
[White "Navrotescu, Andreea-Cristiana"]
[Black "Hoare, Amy B"]
[Result "1-0"]
[WhiteTitle "WFM"]
[WhiteElo "2208"]
[BlackElo "1981"]
[WhiteFideId "675946"]
[BlackFideId "418366"]
[EventDate "2014.09.20"]

1. d4 d5 2. c4 e6 3. Nc3 Nf6 4. Bf4 Be7 5. e3 O-O 6. a3 Nbd7 7. Nb5 Ne8 8. Nf3
c6 9. Nc3 Nef6 10. h3 dxc4 11. Bxc4 Nd5 12. Bg3 N7f6 13. Qc2 Qa5 14. O-O Nxc3
15. bxc3 b5 16. Bd3 c5 17. Ng5 g6 18. Ne4 Nd5 19. dxc5 Bd7 20. c4 bxc4 21. Qxc4
Rac8 22. Qa6 Qxa6 23. Bxa6 Rcd8 24. Bb7 Bc8 25. Rab1 f5 26. Nd6 Bxb7 27. Rxb7
Bxd6 28. Bxd6 Rf7 29. Rfb1 Rfd7 30. Be5 Ne7 31. Rxd7 Rxd7 32. Rb8+ Kf7 33. Bd6
Nc6 34. Rh8 Kf6 35. f4 h5 36. Rf8+ Kg7 37. Rc8 Ne7 38. Bxe7 Rxe7 39. c6 Kf6 40.
c7 Rf7 41. h4 a5 42. a4 Ke7 43. Rb8 1-0

[Event "World Youth Girls U18 2014"]
[Site "Durban RSA"]
[Date "2014.09.28"]
[Round "10.10"]
[White "Leonardi, Caterina"]
[Black "Nevioselaya, Maria"]
[Result "1/2-1/2"]
[WhiteElo "1903"]
[BlackElo "2024"]
[WhiteFideId "14601036"]
[BlackFideId "13502280"]
[EventDate "2014.09.20"]

1. d4 d5 2. c4 c6 3. Nf3 Nf6 4. Qb3 dxc4 5. Qxc4 Bf5 6. g3 e6 7. Bg2 Be7 8. O-O
Nbd7 9. e3 O-O 10. Qe2 Ne4 11. Nfd2 Nxd2 12. Nxd2 Nb6 13. Nb3 Bd6 14. f4 Bg6 15.
e4 f5 16. Nc5 Qc8 17. Be3 a5 18. Bf2 Bf7 19. Rfd1 Re8 20. Qc2 Bf8 21. Rac1 g6
22. Qb3 Qc7 23. Nxe6 Bxe6 24. d5 Nxd5 25. exd5 Bf7 26. Qf3 c5 27. d6 Bxd6 28.
Qxb7 Rab8 29. Qxc7 Bxc7 30. Bxc5 Rxb2 31. Bc6 Ree2 32. a4 Rxh2 33. Bd4 Rbc2 34.
Bf3 Rxc1 35. Rxc1 Rd2 36. Be3 Rd3 37. Kf2 Bd8 38. Rc8 Kg7 39. Be2 Rd6 40. Ra8 h5
41. Ra7 Kf6 42. Bc5 Bb6 43. Bxb6 Rxb6 44. Rxa5 Rb2 45. Rc5 Ra2 46. a5 Bb3 47.
Ke3 Bc2 48. a6 Be4 49. Rc3 g5 50. Rb3 h4 51. fxg5+ Kxg5 52. gxh4+ Kxh4 53. Rb8
Kg5 54. Bc4 Ra5 55. Kd4 Bc6 56. Rb6 Ba8 57. Rb8 Bc6 58. Rb2 f4 59. Ra2 Rxa2 60.
Bxa2 f3 61. Ke3 Kf5 62. a7 Ke5 63. Bf7 Kd6 64. Be8 Ba8 65. Bh5 Kc7 66. Bxf3 Bxf3
67. Kxf3 Kb7 1/2-1/2

[Event "World Youth Girls U18 2014"]
[Site "Durban RSA"]
[Date "2014.09.29"]
[Round "11.1"]
[White "Saduakassova, Dinara"]
[Black "Parnali, S Dharia"]
[Result "1-0"]
[WhiteTitle "WGM"]
[WhiteElo "2409"]
[BlackElo "1919"]
[WhiteFideId "13700090"]
[BlackFideId "5043131"]
[EventDate "2014.09.20"]

1. d4 Nf6 2. c4 g6 3. Nc3 Bg7 4. e4 d6 5. Nf3 O-O 6. Be2 e5 7. O-O Nc6 8. d5 Ne7
9. b4 Nh5 10. g3 f5 11. Ng5 Nf6 12. Bf3 h6 13. Ne6 Bxe6 14. dxe6 Nc6 15. b5 Nd4
16. exf5 gxf5 17. Bxb7 Rb8 18. Bg2 Nxe6 19. Nd5 Nxd5 20. Bxd5 Qe7 21. Be3 Kh7
22. Bxa7 Rbd8 23. b6 Ng5 24. h4 cxb6 25. Bxb6 Rb8 26. Rb1 Ne6 27. a4 Bf6 28.
Bxe6 Qxe6 29. Qd5 Qxd5 30. cxd5 Rf7 31. Rfc1 f4 32. a5 Rg8 33. Kh2 fxg3+ 34.
fxg3 e4 35. Rf1 Ra8 36. Rbe1 Kg7 37. Rxe4 Bc3 38. Rxf7+ Kxf7 39. Re6 Bxa5 40.
Bxa5 Rxa5 41. Rxd6 Ke7 42. Rxh6 Rxd5 43. Kh3 Rd4 44. h5 Kf7 45. Ra6 Kg7 46. g4
Kh7 47. Kh4 Rd5 48. Ra7+ 1-0

[Event "World Youth Girls U18 2014"]
[Site "Durban RSA"]
[Date "2014.09.29"]
[Round "11.2"]
[White "Osmanodja, Filiz"]
[Black "Rodriguez Rueda, Paula Andrea"]
[Result "1-0"]
[WhiteTitle "WIM"]
[BlackTitle "WIM"]
[WhiteElo "2310"]
[BlackElo "2349"]
[WhiteFideId "24633569"]
[BlackFideId "4404564"]
[EventDate "2014.09.20"]

1. e4 c5 2. Nf3 d6 3. d4 cxd4 4. Nxd4 Nf6 5. Nc3 a6 6. Be3 e5 7. Nf3 Be6 8. Ng5
Nc6 9. Nxe6 fxe6 10. Bc4 Qd7 11. a4 Be7 12. O-O Rc8 13. Ba2 O-O 14. f4 exf4 15.
Bxf4 Kh8 16. Qe2 d5 17. e5 Ng8 18. Rad1 Rf5 19. g4 Rff8 20. Ne4 Qc7 21. Nd6 Bxd6
22. exd6 Qb6+ 23. Qe3 Qxb2 24. Bb3 Nf6 25. g5 Ne4 26. d7 Ra8 27. Bc7 Rg8 28. g6
Qc3 29. Rd3 Qc5 30. Qxc5 Nxc5 31. Rh3 h6 32. Rf7 Rgf8 33. Rxh6+ Kg8 34. d8=Q
Raxd8 35. Rh3 Rxf7 36. gxf7+ Kxf7 37. Bxd8 Nxd8 38. Rc3 Ne4 39. Rc7+ Kf6 40. Rd7
Nc6 41. Rxb7 Nd4 42. Rb6 Nc5 43. Bxd5 Nxc2 44. Bc4 Ne3 45. Rc6 Nxc4 46. Rxc5 Ne5
47. Ra5 g5 48. Rxa6 Ke7 49. Rb6 Nc4 50. Rb5 g4 51. a5 Nd6 52. Rb8 1-0

[Event "World Youth Girls U18 2014"]
[Site "Durban RSA"]
[Date "2014.09.29"]
[Round "11.3"]
[White "Rodionova, Polina"]
[Black "Xiao, Yiyi"]
[Result "0-1"]
[WhiteTitle "WFM"]
[BlackTitle "WFM"]
[WhiteElo "2090"]
[BlackElo "2168"]
[WhiteFideId "24102555"]
[BlackFideId "8606161"]
[EventDate "2014.09.20"]

1. e4 c5 2. Nf3 e6 3. g3 Nc6 4. Bg2 Nf6 5. d3 d5 6. Nbd2 Be7 7. O-O O-O 8. c3 b5
9. Re1 a5 10. e5 Nd7 11. Nf1 Ba6 12. h4 b4 13. N1h2 a4 14. a3 Rb8 15. Bg5 bxc3
16. bxc3 Rb3 17. Ng4 h6 18. Bf4 Rxc3 19. Qxa4 Qa8 20. Bxh6 Bxd3 21. Qd1 gxh6 22.
Qd2 Rxa3 23. Rxa3 Qxa3 24. Qxh6 Qc3 25. Re3 d4 26. Re1 Ra8 27. Nf6+ Nxf6 28.
exf6 Bf8 29. Qg5+ Kh8 30. Kh2 Rd8 31. Qh5+ Kg8 32. Qg4+ Kh8 33. Qh5+ Kg8 34.
Qg4+ Kh8 35. Rd1 Bg6 36. h5 Bf5 37. Qf4 d3 38. g4 Bd6 0-1

[Event "World Youth Girls U18 2014"]
[Site "Durban RSA"]
[Date "2014.09.29"]
[Round "11.4"]
[White "Marikova, Jana"]
[Black "Nandhidhaa, PV"]
[Result "1/2-1/2"]
[WhiteElo "2188"]
[BlackElo "2144"]
[WhiteFideId "334138"]
[BlackFideId "5050847"]
[EventDate "2014.09.20"]

1. d4 d5 2. c4 e6 3. Nc3 Nf6 4. Bg5 Be7 5. e3 h6 6. Bh4 O-O 7. Nf3 b6 8. Bxf6
Bxf6 9. cxd5 exd5 10. Qb3 Bb7 11. Rd1 Re8 12. Bd3 c5 13. dxc5 Nd7 14. c6 Bxc6
15. O-O Nc5 16. Qc2 Qe7 17. Nd4 Bb7 18. Nf5 Qe5 19. Qe2 Rad8 20. Nd4 Rc8 21. Rd2
Ne4 22. Nxe4 dxe4 23. Bc4 Red8 24. Rfd1 g6 25. b3 Be7 26. Ba6 Bxa6 27. Qxa6 Bb4
28. Nf3 Qc7 29. Rxd8+ Rxd8 30. Rxd8+ Qxd8 31. Nd4 Qc7 32. g3 h5 33. h4 Kg7 34.
Kg2 Bd2 35. a3 Bc1 36. b4 Bb2 37. Qa4 Bxd4 38. exd4 Kf6 39. Qe8 Qe7 40. Qc6+ Kf5
41. Qd5+ Kf6 42. Qc6+ Kf5 43. Qd5+ Kf6 44. Qc6+ Kf5 1/2-1/2

[Event "World Youth Girls U18 2014"]
[Site "Durban RSA"]
[Date "2014.09.29"]
[Round "11.6"]
[White "Utiatskaja, Irina"]
[Black "Dziodzio, Angelika"]
[Result "0-1"]
[WhiteElo "2047"]
[BlackElo "1991"]
[WhiteFideId "24140848"]
[BlackFideId "1170643"]
[EventDate "2014.09.20"]

1. d4 Nf6 2. c4 d6 3. Nc3 Nbd7 4. Nf3 e5 5. e4 c6 6. g3 Be7 7. Bg2 O-O 8. O-O
Re8 9. Re1 Bf8 10. h3 a6 11. d5 Qc7 12. Bf1 g6 13. Be3 Bg7 14. Rc1 c5 15. a3 Nf8
16. b4 b6 17. Nh2 h6 18. Ng4 Kh7 19. Be2 Ng8 20. f3 f5 21. exf5 gxf5 22. Nf2 Ng6
23. Bd3 Qf7 24. Qc2 N8e7 25. Bd2 Bd7 26. Rb1 Rab8 27. a4 Bf6 28. bxc5 bxc5 29.
a5 Qg8 30. Kh2 Rxb1 31. Rxb1 Rb8 32. Rxb8 Qxb8 33. Qb1 Qxb1 34. Bxb1 e4 35. f4
e3 36. Nfe4 fxe4 37. Nxe4 exd2 38. Nxf6+ Kg7 39. Nh5+ Kf7 40. Bc2 Nf5 0-1

[Event "World Youth Girls U18 2014"]
[Site "Durban RSA"]
[Date "2014.09.29"]
[Round "11.7"]
[White "Fischer, Julie"]
[Black "Doan, Thi Hong Nhung"]
[Result "1-0"]
[WhiteElo "1960"]
[BlackElo "1903"]
[WhiteFideId "699969"]
[BlackFideId "12403547"]
[EventDate "2014.09.20"]

1. e4 e6 2. d4 d5 3. Nc3 Bb4 4. a3 Bxc3+ 5. bxc3 dxe4 6. Qg4 Nf6 7. Qxg7 Rg8 8.
Qh6 Rg6 9. Qe3 b6 10. Ne2 Ba6 11. Nf4 Bxf1 12. Nxg6 Bxg2 13. Rg1 hxg6 14. Rxg2
Qd5 15. Qg5 Qc4 16. Bb2 Nbd7 17. a4 Nd5 18. Qd2 a5 19. Rg3 N7f6 20. Qe2 Qxe2+
21. Kxe2 Nh5 22. Rgg1 Nhf4+ 23. Kd2 Nh3 24. Rg3 Nhf4 25. Re1 Nf6 26. c4 O-O-O
27. Kc3 Rh8 28. Bc1 Rh4 29. Bxf4 Rxf4 30. Rf1 Rh4 31. h3 Kd7 32. Kd2 Nh5 33. Rg4
Rxh3 34. Rxe4 Ra3 35. d5 exd5 36. cxd5 Nf6 37. Rf4 Nxd5 38. Rxf7+ Ke6 39. Rg7
Kf6 40. Rd7 Ke6 41. Rd8 c6 42. Re1+ Kf5 43. Rf8+ Nf6 44. Re3 Rxe3 45. Kxe3 g5
46. Rc8 c5 47. Rf8 Ke5 48. Kd3 Nd7 49. Rd8 Kd6 50. Kc4 Kc6 51. Rc8+ Kb7 52. Rg8
Nf6 53. Rg7+ Ka6 54. Rxg5 Ne4 55. Rg2 Nd2+ 56. Kd5 Nb1 57. Rg3 b5 58. axb5+ 1-0

[Event "World Youth Girls U18 2014"]
[Site "Durban RSA"]
[Date "2014.09.29"]
[Round "11.8"]
[White "Nevioselaya, Maria"]
[Black "Navrotescu, Andreea-Cristiana"]
[Result "1-0"]
[BlackTitle "WFM"]
[WhiteElo "2024"]
[BlackElo "2208"]
[WhiteFideId "13502280"]
[BlackFideId "675946"]
[EventDate "2014.09.20"]

1. e4 c5 2. Nf3 d6 3. d4 cxd4 4. Qxd4 Nc6 5. Bb5 Bd7 6. Bxc6 Bxc6 7. Nc3 e5 8.
Qd3 h6 9. Be3 Nf6 10. O-O-O Qd7 11. Nh4 g6 12. f4 Ng4 13. fxe5 Nxe5 14. Qd4 Bg7
15. Nf3 O-O 16. Nxe5 Bxe5 17. Qd2 h5 18. Bd4 Qg4 19. h3 Qf4 20. Be3 Qf6 21. Rhf1
Qh8 22. Bg5 Rac8 23. Rf3 b5 24. Rdf1 b4 25. Nd5 Bxd5 26. Qxd5 Bxb2+ 27. Kb1 Ba1
28. Bf6 Bxf6 29. Rxf6 Qg7 30. Qxd6 a5 31. e5 a4 32. e6 fxe6 33. Qxe6+ Kh8 34.
Rxf8+ Rxf8 35. Rxf8+ Qxf8 36. Qxg6 Qf1+ 37. Kb2 Qb5 38. Qf6+ Kg8 39. Qg6+ Kf8
40. Qf6+ Ke8 41. Qe6+ Kd8 42. g4 hxg4 43. hxg4 Qc5 44. Qf6+ Kc7 45. g5 a3+ 46.
Kb3 Qd5+ 47. Kxb4 Qxa2 48. Qc3+ Kd8 49. Qb3 Qb2 50. c3 Qc1 51. Qg8+ Ke7 52. Qb3
Qxg5 53. Qxa3 Qe3 54. Kc4+ Kf7 55. Qd6 Qe4+ 56. Kc5 Qe3+ 57. Qd4 Qe7+ 58. Kc6
Qe6+ 59. Qd6 Qc4+ 60. Qc5 Qe6+ 61. Kc7 Qe4 62. c4 Qf4+ 63. Kb7 Qc1 64. Qd5+ Ke7
65. c5 Qf4 66. c6 Qb4+ 67. Kc8 Kf6 68. c7 Qg4+ 69. Kd8 1-0

[Event "World Youth Girls U18 2014"]
[Site "Durban RSA"]
[Date "2014.09.29"]
[Round "11.9"]
[White "Styazhkina, Anna"]
[Black "Diederichs, Luise"]
[Result "1-0"]
[WhiteTitle "WIM"]
[WhiteElo "2203"]
[BlackElo "1992"]
[WhiteFideId "24119300"]
[BlackFideId "24661597"]
[EventDate "2014.09.20"]

1. e4 c5 2. Nf3 d6 3. d4 cxd4 4. Nxd4 Nf6 5. Nc3 a6 6. Be2 e5 7. Nb3 Be7 8. O-O
O-O 9. Kh1 Be6 10. f4 Nc6 11. f5 Bxb3 12. axb3 Nd4 13. Bf3 d5 14. exd5 Nxf5 15.
g3 Nd4 16. Bg2 Rc8 17. Be3 Bc5 18. Bg5 Be7 19. d6 Qxd6 20. Bxf6 Bxf6 21. Bxb7
Qb6 22. Bxc8 Qc6+ 23. Kg1 Rxc8 24. Qd3 Bd8 25. Rxa6 Bb6 26. Qe4 Nxc2+ 27. Rxb6
Qxb6+ 28. Rf2 Nd4 29. Nd5 Qa7 30. Nf6+ Kf8 31. Nxh7+ Kg8 32. Ng5 Qa1+ 33. Kg2
Qa8 34. Qxa8 Rxa8 35. Rxf7 Rb8 36. Re7 Kf8 37. Rxe5 Rxb3 38. h4 Rxb2+ 39. Kh3
Re2 40. Ra5 Ke7 41. Ra7+ Kf6 42. Kg4 Re5 43. Rf7+ Kg6 44. Rd7 Ne6 45. h5+ 1-0